Nimeä kaikki yli 80 metriä heittäneet Suomen keihäsmiehet - Statistics

Yleistilastot
  • Tätä visaa on pelattu 141 kertaa
  • Keskiarvotulos 16 / 45
Vastaustilastot
Mitta Vuosi Heittäjä % Oikein
91,53 2005 Tero Pitkämäki
97%
90,60 1992 Seppo Räty
92%
89,83 2022 Oliver Helander
89%
88,98 2015 Antti Ruuskanen
85%
90,82 1991 Kimmo Kinnunen
85%
81,36 2024 Jami Kinnunen
84%
93,09 1999 Aki Parviainen
77%
86,44 2022 Lassi Etelätalo
75%
80,82 1995 Mika Parviainen
73%
86,50 1988 Tapio Korjus
65%
86,82 2015 Ari Mannio
60%
87,23 2009 Teemu Wirkkala
59%
82,89 2022 Toni Keränen
57%
85,03 2021 Toni Kuusela
48%
86,63 2001 Harri Haatainen
47%
86,68 2008 Tero Järvenpää
44%
80,87 2024 Eemil Porvari
43%
88,22 1992 Juha Laukkanen
37%
81,67 2021 Topias Laine
36%
87,82 1995 Harri Hakkarainen
32%
88,24 1997 Matti Närhi
32%
82,37 2024 Teemu Narvi
28%
84,12 2005 Jarkko Koski-Vähälä
25%
82,85 2023 Taneli Juutinen
24%
84,26 1997 Sami Saksio
23%
84,27 2004 Esko Mikkola
21%
85,18 1995 Ari Pakarinen
20%
83,77 2011 Sampo Lehtola
20%
82,04 2021 Jarmo Marttila
15%
80,04 2016 Joni Karvinen
15%
80,48 1986 Jyrki Blom
13%
80,36 2014 Sami Peltomäki
13%
81,62 2015 Toni Sirviö
12%
81,73 2013 Tuomas Laaksonen
12%
80,85 2022 Teo Takala
9%
83,40 1990 Marko Hyytiäinen
5%
83,33 2010 Mikko Kankaanpää
5%
83,28 1997 Pietari Skyttä
5%
80,11 2020 Tino Mäkelä
5%
82,10 1997 Jari Hartikainen
3%
80,07 1998 Tommi Huotilainen
3%
80,16 1989 Hannu Holopainen
1%
82,62 1990 Jorma Marcus
0%
83,45 2004 Pekka Alaräisänen
0%
82,02 2007 Viljo Toivainen
0%
Ehtoja vastaavia visoja ei löytynyt
Tulosjakauma
Jokaisen tuloksen saaneiden osuus
Persentiili vastausten määrän mukaan
Tuloshistoriasi
Et ole pelannut tätä visaa